000 00680nam a22002057a 4500
999 _c9700
_d9700
003 AR-CdUCM
008 190328b ||||| |||| 00| 0 spa d
040 _aMUNICIPALIDAD PROVINCIAL DEL CUSCO
_cBIBLIOTECA MUNICIPAL DEL CUSCO
082 _a869.56 /
_bC95
100 _aCuentas Zavala, J. Alberto
_917649
245 _aLa voz del silencio :
_bPoemas /
260 _aPuno :
_bUPA.
_c1973.
300 _a56 paginas :
_c23 cm.
500 _aDonación familia Nieto.
505 _aContenido :Madre -- El cóndor pasa -- La noche de san Juan -- Lo incognoscible -- Muerte ...
650 _aLiteratura peruana
_9169
650 _aPoemas
_9315
942 _2ddc
_cLIBROS
945 _arum